| 000 | 00601nam a2200205 a 4500 | ||
|---|---|---|---|
| 005 | 20210223124413.0 | ||
| 008 | 010928s1994 ag r 000 0 spa d | ||
| 020 | _a9505816391 | ||
| 035 | _aUPN01000112202 | ||
| 049 | _aCG | ||
| 050 | 4 |
_aGT4831 _bC3.2 |
|
| 100 | 1 | _aCaillon, Adriana | |
| 245 | 1 | 4 |
_aLos actos escolares y los contenidos del aprendizaje / _cAdriana Caillon, Azucenna Villegas. |
| 260 |
_aBuenos Aires : _bColihue, _c1994. |
||
| 300 | _a270 p. | ||
| 440 | 0 | _aNuevos caminos | |
| 650 | 4 |
_aDIAS FESTIVOS - _zARGENTINA _915926 |
|
| 700 | 1 |
_aVllegas, Azucena, _ecoaut. |
|
| 905 | _aLibro. | ||
| 999 |
_c86110 _d86110 |
||